| 000 | 00436nam a2200157 a 4500 | ||
|---|---|---|---|
| 005 | 20140310183320.0 | ||
| 008 | 060303s19uu xx 00 eng d | ||
| 020 | _a034540498 | ||
| 050 |
_aPS 3566 _b.P317 1996 |
||
| 100 | _aPatterson, Richard North | ||
| 245 |
_aThe final judgment / _cRichard North Patterson. |
||
| 260 |
_aNew York : _bBallantine Books, _c1996. |
||
| 300 |
_a500 p. : _c17 cm. |
||
| 942 |
_cBK _2lcc |
||
| 999 |
_c21384 _d21384 |
||